ბათუმის შოთა რუსთაველის სახელმწიფო უნივერსიტეტის ბიბლიოთეკა

Теория решения задач подход к созданию искусственного интеллекта (ბიბ.ჩანაწერი № 48016)

000 -LEADER
fixed length control field 00730nam a2200217Ia 4500
001 - CONTROL NUMBER
control field 14896
003 - CONTROL NUMBER IDENTIFIER
control field GE_BSU
008 - FIXED-LENGTH DATA ELEMENTS--GENERAL INFORMATION
fixed length control field 181216s||||||||xx |||||||||||||| ||und||
040 ## - CATALOGING SOURCE
Transcribing agency GE_BSU
080 ## - UNIVERSAL DECIMAL CLASSIFICATION NUMBER
Universal Decimal Classification number 517.977.1+519.6
100 ## - MAIN ENTRY--PERSONAL NAME
Personal name Бенерджи,Р.
245 ## - TITLE STATEMENT
Title Теория решения задач подход к созданию искусственного интеллекта
245 ## - TITLE STATEMENT
Statement of responsibility, etc. Ред.Ю.В.Буркин
260 ## - PUBLICATION, DISTRIBUTION, ETC.
Place of publication, distribution, etc. Москва
260 ## - PUBLICATION, DISTRIBUTION, ETC.
Name of publisher, distributor, etc. Мир
260 ## - PUBLICATION, DISTRIBUTION, ETC.
Date of publication, distribution, etc. 1972
300 ## - PHYSICAL DESCRIPTION
Extent 224стр.22см.
300 ## - PHYSICAL DESCRIPTION
Accompanying material Библиогр. стр.219-221
653 ## - INDEX TERM--UNCONTROLLED
Uncontrolled term Теория решения задач подход к созданию искусственного интеллекта
942 ## - ADDED ENTRY ELEMENTS (KOHA)
Koha item type წიგნი
ეგზემპლარები
Withdrawn status Lost status Damaged status Not for loan Date acquired Barcode Date last seen Price effective from Koha item type
        2018-12-17 17608 2018-12-17 2018-12-17 წიგნი
        2018-12-17 17609 2018-12-17 2018-12-17 წიგნი